000 00518nam a2200181Ia 4500
008 230711s9999||||xx |||||||||||||| ||und||
020 _a978-81-7305-565-2
041 _aENG
082 _a721.0288
_bJA-TH
100 _aJain, Shikha
245 4 _aThe Future of Historic Cities Urban Heritage in Asia: Documentation, Protection and Conservation
250 _a1st Ed.
260 _c2016
_aNew Delhi
_bAryan Book International
300 _a178p.
650 _aArchitecture
700 _aMunjal, Parul G
942 _cBK
999 _c6890
_d6890